Enciclopedia juvenil Pala / (Registro nro. 11764)

Detalles MARC
000 -LEADER
fixed length control field 01376cam a22002653a 4500
001 - CONTROL NUMBER
control field 0000774
003 - CONTROL NUMBER IDENTIFIER
control field DO-SdBNP
005 - DATE AND TIME OF LATEST TRANSACTION
control field 20161102101154.0
007 - PHYSICAL DESCRIPTION FIXED FIELD--GENERAL INFORMATION
fixed length control field 0000774
008 - FIXED-LENGTH DATA ELEMENTS--GENERAL INFORMATION
fixed length control field 861112 19-- sp a 000 0 spa d
010 ## - LIBRARY OF CONGRESS CONTROL NUMBER
LC control number
020 ## - INTERNATIONAL STANDARD BOOK NUMBER
International Standard Book Number 8422200376 (obra completa)
020 ## - INTERNATIONAL STANDARD BOOK NUMBER
International Standard Book Number 8422200058 (v. 5)
040 ## - CATALOGING SOURCE
Original cataloging agency BPMSU
Transcribing agency spa
Modifying agency BPMSU
--
245 00 - TITLE STATEMENT
Title Enciclopedia juvenil Pala /
Statement of responsibility, etc. dirección Luis Gasca
260 ## - PUBLICATION, DISTRIBUTION, ETC. (IMPRINT)
Place of publication, distribution, etc. San Sebastián, España :
Name of publisher, distributor, etc. Pala,
Date of publication, distribution, etc. [197u].
300 ## - PHYSICAL DESCRIPTION
Extent v . :
Other physical details il.
Dimensions 26 cm.
500 ## - GENERAL NOTE
General note La biblioteca posee el volumen 5.
500 ## - GENERAL NOTE
General note Incluye índice de ilustraciones.
505 2# - FORMATTED CONTENTS NOTE
Miscellaneous information v. 5 --
-- La astronomía --
-- Capítulo primero --
Title La astronomía a través de la historia --
Miscellaneous information Capítulo segundo --
Title Nuestro planeta la tierra --
Miscellaneous information Capítulo tercero --
Title La luna --
Miscellaneous information Capítulo cuarto --
Title El sol --
Miscellaneous information Capítulo quinto --
Title El sistema solar --
Miscellaneous information Capítulo sexto --
Title Las estrellas --
Miscellaneous information Capítulo séptimo --
Title Nuestra galaxia --
Miscellaneous information Capítulo octavo --
Title Las otras galaxias --
Miscellaneous information Capítulo noveno --
Title El universo --
Miscellaneous information Capítulo décimo --
Title La vida en el universo --
Miscellaneous information Capítulo undécimo --
Title Hacia una civilización galáctica --
Miscellaneous information Capítulo duodécimo --
Title Métodos e instrumentos de la astronomía --
Miscellaneous information Capítulo decimotercero --
Title El astrónomo aficionado --
600 00 - SUBJECT ADDED ENTRY--PERSONAL NAME
Personal name
General subdivision
700 12 - ADDED ENTRY--PERSONAL NAME
Personal name Gasca, Luis
Relator term dir.
942 ## - ADDED ENTRY ELEMENTS (KOHA)
Source of classification or shelving scheme Dewey Decimal Classification
Koha item type Libros
956 ## - LOCAL ELECTRONIC LOCATION AND ACCESS (OCLC)
Access method YLOCKWARD
Materials specified 10
Field link and sequence number BPMSU
Existencias
Withdrawn status Lost status Source of classification or shelving scheme Damaged status Not for loan Collection code Home library Current library Date acquired Source of acquisition Total Checkouts Barcode Date last seen Price effective from Koha item type
    Dewey Decimal Classification     Colección Juvenil General Biblioteca Pública Metropolitana Salomé Ureña Biblioteca Pública Metropolitana Salomé Ureña 11/02/2016 Sin sellar   BPMSU16110030 11/02/2016 11/02/2016 Libros